Najczęściej kupowane marki samochodów przez Polaków 2022 - Statystyki

Ogólne statystyki
  • Ten quiz został rozwiązany 133 razy
  • Średni wynik to 7 z 10
Statystyki odpowiedzi
Marka Samochodu % Poprawnych
BMW
91%
Audi
89%
Toyota
87%
Mercedes
79%
Volkswagen
77%
Skoda
76%
Ford
68%
Kia
59%
Dacia
52%
Hyundai
51%
Nie znaleziono quizów pasujących do podanych kryteriów
Rozkład punktacji
Procent ludzi z każdym wynikiem
Percentyl według liczby udzielonych odpowiedzi
Twoja historia wyników
Nie rozwiązałeś tego quizu